Light (Record no. 15810)

000 -LEADER
fixed length control field 00520nam a22002051 4500
001 - CONTROL NUMBER
control field 15810
003 - CONTROL NUMBER IDENTIFIER
control field BD-DhUET
008 - FIXED-LENGTH DATA ELEMENTS--GENERAL INFORMATION
fixed length control field 921020s1963 enk 000 0 eng d
040 ## - CATALOGING SOURCE
Original cataloging agency DLC
Transcribing agency DLC
Modifying agency BD-DhUET
082 ## - DEWEY DECIMAL CLASSIFICATION NUMBER
Classification number 535
Item number DIT/1963
100 1# - MAIN ENTRY--PERSONAL NAME
Personal name Ditchburn, R. W.
245 10 - TITLE STATEMENT
Title Light
250 ## - EDITION STATEMENT
Edition statement 2nd ed.
260 ## - PUBLICATION, DISTRIBUTION, ETC. (IMPRINT)
Place of publication, distribution, etc. London
Name of publisher, distributor, etc. Blackie & Son
Date of publication, distribution, etc. 1963
300 ## - PHYSICAL DESCRIPTION
Extent xii, 833 p.
Other physical details ill.
490 ## - SERIES STATEMENT
Series statement Titles in the E. L. B. S. Low-Priced textbook series
504 ## - BIBLIOGRAPHY, ETC. NOTE
Bibliography, etc Includes bibliographies
650 #0 - SUBJECT ADDED ENTRY--TOPICAL TERM
Topical term or geographic name as entry element Light
942 ## - ADDED ENTRY ELEMENTS (KOHA)
Koha item type General Book
Holdings
Date acquired Koha item type Sublocation or collection (holding branch) Koha date last seen Location (home branch) Koha full call number Piece designation (barcode) Damaged status Price effective from Shelving location Lost status Withdrawn status Source of classification or shelving scheme Not for loan Copy number Koha normalized classification for sorting
2015-03-15General BookCentral Library, BUET2015-03-15Central Library, BUET535/DIT/196313453 2015-03-15Circulation section    1535_000000000000000_DIT_1963
2015-03-19General BookCentral Library, BUET2015-03-19Central Library, BUET535/DIT/196313450 2015-03-19Circulation section    2535_000000000000000_DIT_1963
2015-03-19General BookCentral Library, BUET2015-03-19Central Library, BUET535/DIT/196320826 2015-03-19Circulation section    3535_000000000000000_DIT_1963
2015-03-21General BookCentral Library, BUET2015-03-21Central Library, BUET535/DIT/196316978 2015-03-21Circulation section    4535_000000000000000_DIT_1963
2015-03-21General BookCentral Library, BUET2015-03-21Central Library, BUET535/DIT/196313451 2015-03-21Circulation section    5535_000000000000000_DIT_1963
2015-03-21General BookCentral Library, BUET2015-03-21Central Library, BUET535/DIT/196320825 2015-03-21Circulation section    6535_000000000000000_DIT_1963
2015-03-21General BookCentral Library, BUET2015-03-21Central Library, BUET535/DIT/19635241 2015-03-21Circulation section    7535_000000000000000_DIT_1963
2015-03-21General BookCentral Library, BUET2015-03-21Central Library, BUET535/DIT/196313452 2015-03-21Circulation section    8535_000000000000000_DIT_1963